| 000 | 00624nam a22002177a 4500 | ||
|---|---|---|---|
| 005 | 20211220103639.0 | ||
| 008 | 211220b ||||| |||| 00| 0 eng d | ||
| 040 | _cAL | ||
| 041 | _aeng | ||
| 082 |
_223 _a954.12 _bMUKN |
||
| 100 |
_aMUKHERJEE (Bishad K) _911884 |
||
| 245 | _aNaulakha: Tale of a Forgotten Township | ||
| 260 |
_aNew Delhi _bBishad K Mukherjee _c1992 |
||
| 300 |
_aii,218 p. _bHB _c22x14 cm. |
||
| 365 |
_b125.00 _c₹ _d125.00 |
||
| 650 |
_aIndia-Naulakha _911881 |
||
| 650 |
_aIndian History _911882 |
||
| 650 |
_aSocial Conditions _911883 |
||
| 700 |
_aMUKHERJEE (Bishad K) _911880 |
||
| 942 |
_2ddc _cGF |
||
| 999 |
_c220983 _d220983 |
||